|
|
|
|
| LEADER |
00000nam a2200000 a 4500 |
| 001 |
vtls008153147 |
| 003 |
SK-MaSNL |
| 005 |
20260301204245.0 |
| 008 |
251029s2003 gw g 000 0 ger |
| 020 |
|
|
|a 3631505396
|q (brož.)
|
| 040 |
|
|
|a SNK
|b slo
|c SNK
|e AACR2
|
| 041 |
0 |
|
|a ger
|
| 043 |
|
|
|a e-gx---
|a e-fr---
|
| 044 |
|
|
|a gw
|a sz
|a be
|a xxu
|a xxk
|a au
|c DE
|c CH
|c BE
|c US
|c GB
|c AT
|
| 072 |
|
7 |
|a 316.7
|x Sociológia kultúry. Kultúrny život
|2 konspekt
|
| 080 |
|
|
|a 316.72/.75
|2 2001
|
| 080 |
|
|
|a 72/76
|2 2001
|
| 080 |
|
|
|a 304.2/.4
|2 2001
|
| 080 |
|
|
|a 316.72
|2 2001
|
| 080 |
|
|
|a (430)
|2 2001
|
| 080 |
|
|
|a (44)
|2 2001
|
| 080 |
|
|
|a (048.8)
|2 2001
|
| 100 |
1 |
|
|a Baumann, Ansbert
|4 aut
|9 588816
|
| 245 |
1 |
0 |
|a Begegnung der Völker?
|b der Elysée-Vertrag und die Bundesrepublik Deutschland : deutsch-französische Kulturpolitik von 1963 bis 1969
|c Ansbert Baumann
|
| 260 |
|
|
|a Frankfurt am Main
|b Peter Lang
|c c2003
|
| 300 |
|
|
|a 342 s.
|c 21 cm
|
| 490 |
0 |
|
|a Moderne Geschcichte und Politik
|x 0170-9127
|v Bd. 18
|
| 648 |
|
7 |
|a 1950-1969
|2 SNKPH
|9 588817
|
| 650 |
0 |
7 |
|a kultúra a spoločnosť
|2 SNKPH
|9 4083
|
| 650 |
0 |
7 |
|a kultúrna politika
|2 SNKPH
|9 66926
|
| 651 |
|
7 |
|a Nemecko
|2 SNKPH
|9 21020
|
| 651 |
|
7 |
|a Francúzsko
|2 SNKPH
|9 15907
|
| 655 |
|
7 |
|a štúdie
|2 SNKPH
|9 57033
|
| 830 |
|
0 |
|a Moderne Geschcichte und Politik
|9 588818
|
| 919 |
|
|
|a 3-631-50539-6
|
| 999 |
|
|
|c 905697
|d 907627
|
| 952 |
|
|
|a SNK
|b SNK
|y VYP
|7 0
|p 17A0471746
|o snkIC 132368
|i snk2005/10632
|8 2
|g 72.99
|0 0
|1 0
|4 0
|d 2005-05-11
|l 0
|r 2026-02-24 07:27:35
|w 2026-02-24
|